MDQL
is popping MORE tags! Check the
thread
!
Quizzes
Events
Quiz Creation
Community
Videos
Private Events
Remove Ads
Sign In
Join for FREE
Feedback
Dark Mode
Quiz Categories
Sports
Geography
Music
Movies
Television
Just For Fun
Miscellaneous
History
Literature
Language
Science
Gaming
Entertainment
Religion
Holiday
For Kids
Quiz Lab
Recent
Popular Today
Quiz Kudos Today
Editor Picks
Curator Picks
Quizzes by...
Day
Popularity
Type
Ratings
Length
Year
Community
Subscriptions
Recent Discussions
Orange Saloon
Badges
Playlists
Quests
Create
Leaderboards
Showdown
Live 5
Trivia Bingo
Activity
Puzzle Library
Sporcle Events
Private Events
Virtual Trivia
Globe League
Become a Host
Pub Owners
SporcleCon
Opinionation
Our Games
Videos
Blog
Mobile Apps
Partnerships
Remove Ads and Go Orange
Feedback
Sports
Athletes
MLB
NBA
NHL
NFL
Soccer
Sports Teams
WWE
NCAA
Football
Premier League
Basketball
Baseball
Hockey
Golf
Tennis
Cricket
Rugby
Auto Racing
Olympics
World Cup
Sports
Athletes
MLB
NBA
NHL
NFL
Soccer
Sports Teams
WWE
NCAA
Football
Premier League
Basketball
Baseball
Hockey
Golf
Tennis
Cricket
Rugby
Auto Racing
Olympics
World Cup
Random Quiz
Search Sporcle
×
Quiz Lab
Quiz Lab
Sports
Soccer
Type in answers that appear in a list
Type in answers that appear in a list
Classic
Best Score? Go Orange.
Dutch players in the national team (2000-now) Stats
Can you name the Dutch players in the national team (2000-now)?
By
Lars1991
20m
196 Questions
4,142 Plays
4,142 Plays
4,142 Plays
Comments
Comments
Give Quiz Kudos
Give Quiz Kudos
-
- Ratings
hide this ad
Replay
Link that replays current quiz
Next Quiz
Link to next quiz in quiz playlist
You Got
0%
They Got
Avg Score
50%
Avg Friend Score
Upgrade to see
Score Distribution
Jump to the score distribution portion of the page
Score
0/196
Timer
20:00
1
Play Today
Hint
Answer
% Correct
Goalkeepers
Edwin van der Sar
95%
Goalkeepers
Jasper Cillessen
91.7%
Midfielders
Nigel de Jong
90.2%
Forwards
Luuk de Jong
90.2%
Midfielders
Siem de Jong
90.1%
Midfielders
Frenkie de Jong
89.8%
Goalkeepers
Maarten Stekelenburg
89.4%
Midfielders
Wesley Sneijder
88.9%
Forwards
Robin van Persie
88.8%
Forwards
Arjen Robben
87.4%
Defenders
Frank de Boer
86.3%
Midfielders
Ronald de Boer
86.3%
Goalkeepers
Tim Krul
85.9%
Defenders
Daley Blind
85.7%
Midfielders
Rafael van der Vaart
84.4%
Goalkeepers
Michel Vorm
84.3%
Defenders
Giovanni van Bronckhorst
83.8%
Defenders
Virgil van Dijk
83.7%
Midfielders
Quinten Timber
83.3%
Forwards
Dirk Kuyt
82.5%
Forwards
Memphis Depay
82.4%
Defenders
Matthijs de Ligt
81.4%
Defenders
Stefan de Vrij
81.2%
Goalkeepers
Bart Verbruggen
80.7%
Forwards
Patrick Kluivert
80.4%
Forwards
Ruud van Nistelrooy
80.1%
Goalkeepers
Jeroen Zoet
79.9%
Forwards
Justin Kluivert
79.7%
Midfielders
Mark van Bommel
79.5%
Forwards
Klaas-Jan Huntelaar
79.5%
Midfielders
Georginio Wijnaldum
79.3%
Defenders
John Heitinga
79.1%
Goalkeepers
Andries Noppert
78.9%
Defenders
Micky van de Ven
78.4%
Goalkeepers
Kenneth Vermeer
78.1%
Defenders
Jaap Stam
77.1%
Goalkeepers
Justin Bijlow
76.6%
Forwards
Dennis Bergkamp
76.6%
Midfielders
Philip Cocu
76.1%
Defenders
Joris Mathijsen
75.9%
Forwards
Ryan Babel
75.3%
Midfielders
Clarence Seedorf
75.2%
Midfielders
Edgar Davids
74.6%
Forwards
Vincent Janssen
73.6%
Midfielders
Theo Janssen
73.6%
Defenders
Gregory van der Wiel
73.5%
Forwards
Marc Overmars
73.3%
Goalkeepers
Remko Pasveer
73.1%
Defenders
Bruno Martins Indi
73%
Goalkeepers
Mark Flekken
72.6%
Defenders
Ron Vlaar
71.3%
Defenders
Andre Ooijer
69.9%
Forwards
Steven Bergwijn
69.6%
Midfielders
Ibrahim Afellay
68.6%
Defenders
Nathan Aké
67.9%
Forwards
Boudewijn Zenden
67.7%
Defenders
Michael Reiziger
67.1%
Defenders
Jeremie Frimpong
66.6%
Goalkeepers
Marco Bizot
66.3%
Defenders
Patrick van Aanholt
66.3%
Defenders
Joel Veltman
65.9%
Forwards
Steven Berghuis
65.9%
Midfielders
Donny van de Beek
65.8%
Forwards
Quincy Promes
65.7%
Defenders
Quilindschy Hartman
65.5%
Defenders
Jeffrey Bruma
65.4%
Hint
Answer
% Correct
Defenders
Denzel Dumfries
65.1%
Defenders
Daryl Janmaat
64.9%
Midfielders
Davy Klaassen
64.8%
Goalkeepers
Sander Boschker
64.6%
Forwards
Eljero Elia
64.1%
Defenders
Jurrien Timber
64.1%
Forwards
Brian Brobbey
63.5%
Defenders
Wilfred Bouma
63.2%
Midfielders
Jordy Clasie
62.8%
Forwards
Bas Dost
62.6%
Midfielders
Leroy Fer
62.6%
Forwards
Cody Gakpo
62.5%
Forwards
Roy Makaay
62.5%
Defenders
Khalid Boulahrouz
62.5%
Defenders
Kenny Tete
62.2%
Forwards
Pierre van Hooijdonk
62.2%
Defenders
Jetro Willems
62%
Midfielders
Xavi Simons
62%
Midfielders
Joey Veerman
61.4%
Forwards
Wout Weghorst
60.9%
Defenders
Winston Bogarde
60.7%
Goalkeepers
Ronald Waterreus
60.1%
Midfielders
Kevin Strootman
60%
Midfielders
Teun Koopmeiners
59.9%
Midfielders
Marten de Roon
59.9%
Goalkeepers
Sander Westerveld
59%
Defenders
Tyrell Malacia
59%
Midfielders
Demy de Zeeuw
58.9%
Defenders
Owen Wijndal
58.7%
Goalkeepers
Henk Timmer
58.6%
Defenders
Hans Hateboer
57.7%
Defenders
Lutsharel Geertruida
57.6%
Forwards
Calvin Stengs
57.1%
Forwards
Donyell Malen
57%
Forwards
Jerrel Hasselbaink
56.7%
Forwards
Myron Boadu
56.2%
Forwards
Jeremain Lens
56%
Midfielders
Kenneth Taylor
55.4%
Defenders
Arthur Numan
55%
Midfielders
Aron Winter
54.9%
Forwards
Noa Lang
54.8%
Forwards
Jan Vennegoor of Hesselink
54.7%
Defenders
Karim Rekik
54.6%
Midfielders
Davy Pröpper
53.9%
Defenders
Terence Kongolo
53.8%
Midfielders
Ryan Gravenberch
53.2%
Defenders
Erik Pieters
53.2%
Defenders
Ricardo van Rhijn
52.8%
Defenders
Rick Karsdorp
52.6%
Midfielders
Tijani Reijnders
52.5%
Midfielders
Orlando Engelaar
52.4%
Defenders
Jorrel Hato
52.1%
Midfielders
Paul Bosvelt
51.4%
Midfielders
Tonny Vilhena
51.3%
Midfielders
Mats Wieffer
51.2%
Defenders
Urby Emanuelson
51.1%
Forwards
Andy van der Meyde
51%
Defenders
Tim de Cler
50.8%
Defenders
Edson Braafheid
50.7%
Defenders
Vurnon Anita
50.6%
Defenders
Jordan Teze
50.5%
Midfielders
Jonathan de Guzman
50.2%
Defenders
Devyne Rensch
49.5%
Defenders
Paul Verhaegh
49.4%
Goalkeepers
Piet Velthuizen
49.4%
Midfielders
Marco van Ginkel
49.3%
Hint
Answer
% Correct
Defenders
Jan Kromkamp
49%
Forwards
Luciano Narsingh
48.9%
Midfielders
Riechedly Bazoer
48.6%
Midfielders
Denny Landzaat
48.3%
Midfielders
Stijn Schaars
48.1%
Forwards
Thijs Dallinga
47.9%
Defenders
Mario Melchiot
47.7%
Defenders
Jairo Riedewald
47.6%
Forwards
Anwar El Ghazi
46.7%
Midfielders
Royston Drenthe
46.6%
Defenders
Nick Viergever
46.4%
Midfielders
Jens Toornstra
46.2%
Forwards
Arnaut Danjuma Groeneveld
45.5%
Goalkeepers
Oscar Moens
45.1%
Defenders
Wesley Hoedt
45%
Midfielders
Hedwiges Maduro
44.4%
Midfielders
Richard Witschge
44.3%
Defenders
Barry Opdam
44.2%
Midfielders
Ruud Vormer
44.1%
Midfielders
Wout Brama
43.7%
Midfielders
Jorrit Hendrix
43.6%
Midfielders
Barry van Galen
43.5%
Defenders
Kew Jaliens
43.3%
Defenders
Joshua Brenet
42.1%
Forwards
Ricky van Wolfswinkel
42%
Defenders
Peter Wisgerhof
41.9%
Defenders
Bert Konterman
41.8%
Forwards
Jaivario Dilrosun
41.8%
Midfielders
Jerdy Schouten
41.2%
Forwards
Ola John
40.6%
Forwards
Romano Denneboom
40.5%
Forwards
Collins John
40.4%
Midfielders
Guus Til
40.2%
Defenders
Fernando Ricksen
40.2%
Midfielders
Pablo Rosario
40%
Midfielders
Otman Bakkal
39.6%
Defenders
Kevin Hofland
39.3%
Forwards
Ugur Yildirim
38.8%
Defenders
Timothy Fosu-Mensah
38.8%
Forwards
Peter van Vossen
38.6%
Forwards
Arnold Bruggink
38.6%
Forwards
Danny Koevermans
38.1%
Forwards
Jean-Paul Boëtius
37.9%
Forwards
Ruben Schaken
36.5%
Midfielders
Adam Maher
36.4%
Forwards
Romeo Castelen
36.2%
Forwards
Dave van den Bergh
35.3%
Defenders
Theo Lucius
35.1%
Midfielders
Martijn Meerdink
35.1%
Defenders
Miquel Nelom
35%
Midfielders
Patrick Paauwe
34.7%
Forwards
Roy Beerens
34.2%
Midfielders
Bart Ramselaar
33.8%
Midfielders
Nicky Hofs
33.3%
Defenders
Dwight Tiendalli
31.6%
Midfielders
George Boateng
31.2%
Forwards
Jeffrey Talan
31.2%
Midfielders
David Mendes da Silva
30.7%
Defenders
Dirk Marcellis
30.3%
Forwards
Andwelé Slory
30.1%
Defenders
Glenn Loovens
30%
Forwards
Victor Sikora
29.1%
Defenders
Marc van Hintum
27.4%
Midfielders
Niels Oude Kamphuis
24.6%
Quiz Playlist
Details
Report
Send in Message
Add To Playlist
Classic:
Type in answers that appear in a list
Last Updated: Mar 27, 2024
Quiz Scoreboard
CHALLENGE
Sign Up to Join the Scoreboard
Show All
Scores
Hide
Comments
May contain spoilers
Recently Published
Image Sorting: Flags VI
by Barbecue
Geography
2m
Find the 'City' Movie
by crazypaving
Movies
60s
Colored Red Africa Blitz
by spor1
Geography
45s
More to Explore
Quiz From the Vault
Featured Blog Post
14 Easter Pick-up Lines to Find Eggs With
hide this ad
You Might Also Like...
Tags
Football Quiz
Soccer Quiz
dutch
Dutch Football
Dutch National
Dutch Soccer
Footballer
Football Players
holland
National Team
Today's Top Quizzes in Sports
Browse Sports
hide this ad
Today's Top Quizzes in Soccer
Browse Soccer
Top Contributed Quizzes in Sports
1
Les meilleurs buteurs des matchs entre le PSG et l’OM
2
Les entraîneurs de l'OM et du PSG au 21e siècle
3
Les joueurs passés par le PSG et l'OM
4
2022 World Cup Stars
5
Players with Multiple 50 Home Run Seasons
6
Criteria MLB: Left Handed Sluggers
7
MLB Players with Two .350 Batting Average Seasons
8
Les joueurs passés par le LOSC et le RC Lens
9
NBA Logic Puzzle 2.0
10
Top 10 NHL Goal Scorers of All Time
Explore More
Trending Topics
Anime
Marvel
NBA
Crossword
Kpop
Disney
Harry Potter
Puzzle
WWE
Pokémon
The Office
Song
NFL
Soccer
Country
hide this ad
More By:
Lars1991
Quiz
Plays
Rating
Category
Featured
Created
Dutch players in the national team (2000-now)
4,141
4.75
Sports
Jun 8, 2017
Dutch Tournament(WK/EK) football players
2,973
4.00
Sports
Apr 21, 2018
Goal Scorers Holland WK/EK
2,557
3.00
Sports
May 3, 2017
Ajax players in the dutch national team(1960-now)
1,292
4.75
Sports
Nov 23, 2019
Dutch premier league footballers(1992-2022)
1,149
5.00
Sports
Mar 21, 2017
Go to Creator's Profile
Score Distribution
Quiz Creator Spotlight
Lars1991
Follow
Send a Message
Quizzes Created
-
Created Quiz Play Count
-
More By This Creator
Popular Quizzes Today
1
Colored Red Africa Blitz
2
Find the US States - No Outlines Minefield
3
Find the 'City' Movie
4
5x2 Blitz: Bands
5
The Countries of the World
6
Find the US States
7
Find the Countries of Europe - No Outlines Minefield
8
US States
More Sports Quizzes
Consecutive 40 Home Run Seasons
Published
Trending Quizzes
Colored Red Europe Blitz I
Colored Red Europe Blitz II
Colored Red Africa Blitz II
Colored Red Europe Blitz III
Colored Red Africa Blitz III
Recently Updated
How Do You Spell That?
pecheneg
Godzilla Movies
pecheneg
Grab Bag: 4-10 Letters
pecheneg
2024 March Madness Bracket
pecheneg
Famous TV Couples
Peacemaker
Champions League XIs: Real Madrid
pecheneg
Largest US Cities 1790-2010
pecheneg
Rides in Walt Disney World
pecheneg
Most Oscar Losses (Acting)
pecheneg
Beyoncé Albums
pecheneg
Trending Topics
Harry Potter
Crossword
Kpop
Anime
Marvel
NBA
Disney
Song
NFL
Pokémon
The Office
Country
Puzzle
Soccer
WWE
Your Account Isn't Verified!
In order to create a playlist on Sporcle, you need to verify the email address you used during registration. Go to your
Sporcle Settings
to finish the process.
Report this User
Report this user for behavior that violates our
Community Guidelines
.
Details:
Send Report
Go to the Sporcle.com Mobile Site →
Comments